| 000 | 00493nam a2200145 i 4500 | ||
|---|---|---|---|
| 001 | 46195 | ||
| 003 | ES-MaACL | ||
| 005 | 20230906161337.0 | ||
| 007 | t| | ||
| 008 | 030328s1890 sp ||||1| spa d | ||
| 100 | 1 |
_aComas y Arqués, Augusto. _939953 |
|
| 245 | 1 | 0 |
_aProposición de ley sobre responsabilidad judicial presentada al Senado / _cpor Augusto Comas y Arqués. |
| 260 |
_aMadrid : _b[s.n., _c1890] ( _fImp. Hijos de J. A. García) |
||
| 852 |
_aES-MaACL _jT-1297-F-1 |
||
| 999 |
_c46195 _d46195 |
||